|
|
|
|
| LEADER |
00000nab a2200000 a 4500 |
| 001 |
vtls001507183 |
| 003 |
SK-MaSNL |
| 005 |
20260304040806.0 |
| 008 |
230222s1999 xo 000 0 slo |
| 035 |
|
|
|a SPKCL9510
|
| 040 |
|
|
|a SPKCL
|b slo
|c SNKBUCL
|d ÚIP-SPK(EK)
|e AACR2
|
| 041 |
|
|
|a slo
|
| 044 |
|
|
|a xo
|c SK
|
| 080 |
|
|
|a 343.9(437.1/.3)
|2 1981
|
| 100 |
1 |
|
|a Scheinost, Miroslav
|4 aut
|9 699653
|
| 245 |
1 |
0 |
|a Základní trendy a rizika ve vývoji kriminality v letech 1989-1998 v České republice
|c Miroslav Scheinost
|
| 520 |
|
|
|a Autor vychádza zo štatistík registrovanej trestnej činnosti. Sústreďuje sa na nárast trestných činov, ich objasnenosť a meniacu sa štruktúru páchateľov, podiel recidivistov, vzostup účasti detí a mladistvých, objavenie sa páchateľov väznených za trestnú činnosť v organizovanej skupine a nájomných vrahov. Vykresľuje osobnostný profil týchto tzv. profesionálnych páchateľov trestnej činnosti. Konštatuje výskyt kvalitatívne nových javov v kriminalite (organizovaný zločin, korupcia, nelegálna migrácia a pod.). Uvádza aj viktimologické výskumy, ktoré zisťujú počet obetí trestných činov za určité obdobie a prispievajú k hlbšiemu poznaniu stavu kriminality. V závere sa zamýšľa nad príčinami vzostupu kriminality a nad prognózou jej vývoja.
|
| 648 |
|
7 |
|a 1989-1998
|2 SNK
|9 292446
|
| 650 |
0 |
7 |
|a trestné činy
|2 SNKPH
|9 2181
|
| 650 |
0 |
7 |
|a kriminalita
|2 SNKPH
|9 2180
|
| 650 |
0 |
7 |
|a kriminalita mládeže
|2 SNKPH
|9 2185
|
| 650 |
0 |
7 |
|a protispoločenské správanie
|2 SNKPH
|9 49936
|
| 650 |
0 |
7 |
|a štatistické údaje
|2 SNK
|9 71119
|
| 650 |
0 |
7 |
|a delikventi
|2 SNKPH
|9 2651
|
| 650 |
0 |
7 |
|a osobnosť
|2 SNKPH
|9 4341
|
| 651 |
|
7 |
|a Česko
|2 SNKPHgeo
|9 16753
|
| 773 |
1 |
|
|t Sociológia
|g Roč. 31, č. 5 (1999) s. 502-513
|
| 850 |
|
|
|a Slovenská pedagogická knižnica Bratislava
|
| 852 |
|
|
|a SPKCL
|b KIS3GCP
|b 000710000
|n SK
|
| 954 |
|
|
|a odborná, vedecká literatúra pôvodná (slovenská)
|2 lita
|
| 958 |
|
|
|a OND
|
| 958 |
|
|
|a EUIPO
|
| 999 |
|
|
|c 2665040
|d 2666970
|